| 000 | 00745nam a2200157 a 4500 | ||
|---|---|---|---|
| 008 | 120416s1998 ||||||||||||||||| || u | ||
| 020 | _a1901396703 | ||
| 050 | _aSB 951 Man | ||
| 100 | _aRobinson, T. H | ||
| 245 | 1 | 0 |
_aManaging pesticide waste and pakckaging _cedited by T. H. Robinson |
| 246 | _aBCPC symposium proceedings number 70 | ||
| 260 |
_aFarnham, Surrey _bThe British Crop Protection Council _c1998 |
||
| 350 | _a0.00 | ||
| 995 |
_aANNEX COLLECTION (Main Library) _D0.00 _e734359 _FCBU-MAIN LIBRARY (Kitwe) _H1 _I17.95 _jSB 951 Man _M1 _UAVAILABLE _y46519 _ZAnnex Low-Usage Collection |
||
| 995 |
_aMAIN LIBRARY OPEN ACCESS _D0.00 _e734360 _FCBU-MAIN LIBRARY (Kitwe) _H3 _I17.95 _jSB 951 Man _M3 _UAVAILABLE _y46540 _ZMain Library Open Access Collection |
||
| 999 |
_c82565 _d82565 |
||